000 00295nam a2200109Ia 4500
008 220204s9999 xx 000 0 und d
082 _a330.34(540)1997
_bPAR
245 0 _aIndia development report 1997
260 _aDelhi
_bOxford University Press
_c1997
700 _aParikh, Kirti S
942 _cBK
999 _c41163
_d41163